000 00424nam a2200169Ia 4500
008 151213s9999 xx 000 0 und d
020 _a0-07-025742-6
100 _aDouglas V. Hall
245 _aMicroprocessor and Interfacing
_cDouglas V. Hall
250 _a2nd
260 _aSingapore
_bMacmillan
_c1992
300 _a7576 p.
650 _aComputer
650 _aComputer
700 _aDouglas V. Hall
999 _c4005
_d4005